[Event "St Petersburg-ch (Women)"]
[Site "St Petersburg"]
[Date "1999.04.15"]
[Round "10"]
[White "Stjazhkina, Olga"]
[Black "Koroljova, Valerija"]
[Result "1-0"]
[WhiteElo "2340"]
[BlackElo "2200"]
[PlyCount "77"]
[EventDate "1999.04.??"]
[EventType "tourn"]
[EventRounds "11"]
[EventCountry "RUS"]
[SourceTitle "CBM 070 Extra"]
[Source "ChessBase"]
[SourceDate "1999.07.10"]
[SourceVersion "1"]
[SourceVersionDate "1999.07.10"]
[SourceQuality "1"]

1. d4 d5 2. c4 e6 3. Nf3 Nf6 4. e3 c6 5. Nbd2 Nbd7 6. Bd3 Bd6 7. 0-0 0-0 8. e4 dxe4 9. Nxe4 Nxe4 10. Bxe4 h6 11. Bc2 Re8 12. Qd3 Nf8 13. c5 Bc7 14. Re1 f6 15. Bd2 Qd5 16. b4 Bd7 17. a4 Qh5 18. Bc3 Re7 19. h3 Be8 20. Bb3 Bf7 21. Qe4 Rae8 22. b5 e5 23. Bxf7+ Qxf7 24. dxe5 Nd7 25. bxc6 Nxc5 26. Qc2 fxe5 27. cxb7 Nxb7 28. Bb4 Re6 29. Rac1 Bb6 30. Qe4 Rf6 31. Qc4 e4 32. Rxe4 Rxe4 33. Qxe4 Rf4 34. Rc8+ Nd8 35. Qe7 Qd5 36. a5 Qd1+ 37. Kh2 Rxf3 38. axb6 Rd3 39. bxa7 1-0

[Event "St Petersburg-ch (Women)"]
[Site "St Petersburg"]
[Date "1999.04.10"]
[Round "5"]
[White "Rakitskaja, Mariya"]
[Black "Koroljova, Valerija"]
[Result "0-1"]
[WhiteElo "2201"]
[BlackElo "2200"]
[PlyCount "74"]
[EventDate "1999.04.??"]
[EventType "tourn"]
[EventRounds "11"]
[EventCountry "RUS"]
[SourceTitle "CBM 070 Extra"]
[Source "ChessBase"]
[SourceDate "1999.07.10"]
[SourceVersion "1"]
[SourceVersionDate "1999.07.10"]
[SourceQuality "1"]

1. d4 d5 2. c4 e6 3. Nf3 Nf6 4. g3 Nbd7 5. Bg2 dxc4 6. Qa4 a6 7. Qxc4 b5 8. Qc2 Bb7 9. 0-0 c5 10. Bg5 Rc8 11. Qd1 Qb6 12. e3 h6 13. Bxf6 Nxf6 14. Nc3 Be7 15. a4 0-0 16. axb5 axb5 17. Qb3 cxd4 18. exd4 b4 19. Na4 Qb5 20. Rfe1 Bd5 21. Qd1 Rc7 22. b3 Rfc8 23. Bf1 Qb7 24. Ne5 Ne4 25. Nc5 Bxc5 26. dxc5 Nxc5 27. Nc4 Nxb3 28. Nd6 Qb8 29. Rb1 Rd8 30. Nb5 Rb7 31. Re3 Bc4 32. Qg4 Bxf1 33. Rexb3 Bxb5 34. Qe4 Rd5 35. Rxb4 Qd6 36. Rxb5 Rbxb5 37. Rxb5 Rxb5 0-1

[Event "St Petersburg White Nights (Women)"]
[Site "St Petersburg"]
[Date "1999.??.??"]
[Round "9"]
[White "Bistrikova, Elena V"]
[Black "Koroljova, Valerija"]
[Result "1-0"]
[WhiteElo "2115"]
[BlackElo "2200"]
[PlyCount "63"]
[EventDate "1999.06.??"]
[EventType "tourn"]
[EventRounds "10"]
[EventCountry "RUS"]
[SourceTitle "EXT 2000"]
[Source "ChessBase"]
[SourceDate "1999.11.16"]
[SourceVersion "1"]
[SourceVersionDate "1999.11.16"]
[SourceQuality "1"]

1. d4 d5 2. c4 e6 3. Nf3 Nf6 4. g3 dxc4 5. Qa4+ Nbd7 6. Bg2 a6 7. Qxc4 b5 8. Qc6 Rb8 9. Bf4 Nd5 10. Ne5 Nxf4 11. gxf4 g5 12. f5 Bd6 13. fxe6 fxe6 14. Qf3 Nxe5 15. dxe5 Bxe5 16. Qh5+ Kd7 17. Nc3 Bxc3+ 18. bxc3 Qf6 19. Rd1+ Ke7 20. h4 Bb7 21. Bxb7 Rxb7 22. hxg5 Qxc3+ 23. Kf1 Qe5 24. Rh3 Rbb8 25. Re3 Qf5 26. Rf3 Qg6 27. Qg4 Rhd8 28. Rc1 Rb6 29. Rxc7+ Kd6 30. Rff7 Qb1+ 31. Kg2 Rc6 32. Qd4# 1-0

[Event "RUS-ch U20 Girls"]
[Site "Sochi"]
[Date "1998.??.??"]
[Round "?"]
[White "Dorofeeva, Anna"]
[Black "Koroljova, Valerija"]
[Result "1/2-1/2"]
[WhiteElo "2345"]
[BlackElo "2195"]
[PlyCount "57"]
[EventDate "1998.??.??"]
[EventType "tourn"]
[EventRounds "11"]
[EventCountry "RUS"]
[SourceTitle "EXT 2000"]
[Source "ChessBase"]
[SourceDate "1999.11.16"]
[SourceVersion "1"]
[SourceVersionDate "1999.11.16"]
[SourceQuality "1"]

1. e4 e5 2. Nf3 Nc6 3. d4 exd4 4. Nxd4 Bc5 5. Nxc6 Qf6 6. Qd2 dxc6 7. Nc3 Be6 8. Na4 Rd8 9. Bd3 Bd4 10. 0-0 a6 11. Qa5 Qe5 12. Qxe5 Bxe5 13. Be3 Nf6 14. Nc5 Bc8 15. f3 0-0 16. Rab1 a5 17. Rfd1 b6 18. Nb3 Be6 19. a3 c5 20. Be2 Rxd1+ 21. Bxd1 Rd8 22. c3 Rd3 23. Bf2 Kf8 24. Bc2 Rd8 25. Be3 Bc4 26. Re1 c6 27. Nd2 Ba6 28. Nf1 Bc7 29. g4 1/2-1/2

[Event "St Petersburg (Women)"]
[Site "St Petersburg"]
[Date "1998.??.??"]
[Round "6"]
[White "Koroljova, Valerija"]
[Black "Razuvajeva, Julia"]
[Result "0-1"]
[WhiteElo "2195"]
[BlackElo "2115"]
[PlyCount "66"]
[EventDate "1998.??.??"]
[EventType "tourn"]
[EventRounds "11"]
[EventCountry "RUS"]
[SourceTitle "EXT 2000"]
[Source "ChessBase"]
[SourceDate "1999.11.16"]
[SourceVersion "1"]
[SourceVersionDate "1999.11.16"]
[SourceQuality "1"]

1. e4 c5 2. Nf3 Nc6 3. d4 cxd4 4. Nxd4 g6 5. c4 Bg7 6. Nc2 Nf6 7. Nc3 0-0 8. Be2 d6 9. Be3 Bd7 10. f3 Qc8 11. Rc1 Ne8 12. 0-0 b6 13. f4 Nc7 14. Bf3 Rb8 15. Kh1 Na6 16. Nd4 Nc5 17. Nd5 Re8 18. b4 Nb7 19. f5 Nbd8 20. Nxc6 Nxc6 21. Qd2 Ne5 22. fxg6 hxg6 23. Be2 Be6 24. c5 dxc5 25. bxc5 bxc5 26. Rxc5 Qd8 27. Bf4 Rc8 28. Ra5 Rc2 29. Nxe7+ Kh8 30. Qxc2 Qxa5 31. Bg5 Ng4 32. h3 Qxg5 33. hxg4 Qh4+ 0-1

[Event "RUS-ch U18 Girls"]
[Site "Kolontaevo"]
[Date "1998.??.??"]
[Round "?"]
[White "Kosintseva, Tatiana"]
[Black "Koroljova, Valerija"]
[Result "1/2-1/2"]
[WhiteElo "2115"]
[BlackElo "2195"]
[PlyCount "88"]
[EventDate "1998.??.??"]
[EventType "swiss"]
[EventRounds "9"]
[EventCountry "RUS"]
[SourceTitle "EXT 2000"]
[Source "ChessBase"]
[SourceDate "1999.11.16"]
[SourceVersion "1"]
[SourceVersionDate "1999.11.16"]
[SourceQuality "1"]

1. e4 e5 2. Nf3 Nc6 3. d4 exd4 4. Bc4 Nf6 5. e5 d5 6. Bb5 Ne4 7. Nxd4 Bd7 8. Bxc6 bxc6 9. 0-0 Bc5 10. f3 Ng5 11. f4 Ne4 12. Be3 Bb6 13. Nd2 c5 14. Ne2 Nxd2 15. Qxd2 d4 16. Bf2 0-0 17. c4 c6 18. Nc1 Ba5 19. Qd1 Qc8 20. Nd3 Bg4 21. Qc2 Bf5 22. Qe2 Bg4 23. Qc2 Bf5 24. h3 f6 25. Qe2 Bxd3 26. Qxd3 Qe6 27. Bg3 f5 28. Be1 Bc7 29. Bd2 Rab8 30. b3 Rb7 31. Rab1 Rfb8 32. Kh1 a5 33. a4 Bd8 34. Rf3 Rf7 35. Qe2 Ra8 36. Rd3 Raa7 37. Kg1 Kh8 38. Kf1 Kg8 39. Ke1 Kf8 40. Kd1 Ke8 41. Kc2 Kd7 42. g4 Kc8 43. Rg1 g6 44. g5 h5 1/2-1/2

[Event "St Petersburg (Women)"]
[Site "St Petersburg"]
[Date "1998.??.??"]
[Round "7"]
[White "Melamed, Tatiana"]
[Black "Koroljova, Valerija"]
[Result "1-0"]
[WhiteElo "2245"]
[BlackElo "2195"]
[PlyCount "87"]
[EventDate "1998.??.??"]
[EventType "tourn"]
[EventRounds "11"]
[EventCountry "RUS"]
[SourceTitle "EXT 2000"]
[Source "ChessBase"]
[SourceDate "1999.11.16"]
[SourceVersion "1"]
[SourceVersionDate "1999.11.16"]
[SourceQuality "1"]

1. e4 e5 2. Bc4 Nf6 3. d3 Nc6 4. Nf3 Be7 5. 0-0 0-0 6. Re1 d6 7. c3 Bg4 8. h3 Bh5 9. Nbd2 Qd7 10. Bb3 Kh8 11. Nf1 Bg6 12. Ng3 Nh5 13. Nf5 Bxf5 14. exf5 Qxf5 15. d4 Nf6 16. Ng5 e4 17. d5 Nd8 18. f3 Nd7 19. Nxe4 Bh4 20. Re2 Qg6 21. Bc2 f5 22. Nf2 Nf7 23. Nd3 Bg3 24. Nf4 Bxf4 25. Bxf4 Nfe5 26. Kh1 Qh5 27. Qd2 Rf6 28. Rae1 Rg8 29. Bxe5 dxe5 30. Ba4 Nc5 31. Bb3 e4 32. fxe4 Nxe4 33. Qf4 Rd6 34. c4 Rg6 35. Kh2 c6 36. dxc6 Rxc6 37. Bd1 Qg6 38. g4 Nd6 39. Re6 Rxc4 40. Qxd6 Qg5 41. Re8 Rc8 42. Rxg8+ Rxg8 43. Bb3 Qh4 44. Qg3 1-0

[Event "RUS-ch U20 Girls"]
[Site "Sochi"]
[Date "1998.??.??"]
[Round "?"]
[White "Zimina, Olga"]
[Black "Koroljova, Valerija"]
[Result "1-0"]
[WhiteElo "2195"]
[BlackElo "2195"]
[PlyCount "138"]
[EventDate "1998.??.??"]
[EventType "tourn"]
[EventRounds "11"]
[EventCountry "RUS"]
[SourceTitle "EXT 2000"]
[Source "ChessBase"]
[SourceDate "1999.11.16"]
[SourceVersion "1"]
[SourceVersionDate "1999.11.16"]
[SourceQuality "1"]

1. e4 g6 2. d4 Bg7 3. Nc3 d6 4. h3 e6 5. Nf3 a6 6. a4 b6 7. Bf4 Ne7 8. Qd2 h6 9. Bc4 Nd7 10. Rd1 Bb7 11. Bb3 g5 12. Bg3 Ng6 13. h4 g4 14. h5 gxf3 15. hxg6 fxg6 16. gxf3 Qf6 17. Qe3 0-0-0 18. Ne2 g5 19. Kd2 Rdf8 20. f4 Qg6 21. f3 gxf4 22. Bxf4 e5 23. dxe5 Nxe5 24. c3 h5 25. Rdg1 Qf6 26. Rh3 Bc6 27. Rg5 Qe7 28. Kc1 Rxf4 29. Rxg7 Qxg7 30. Nxf4 Qg5 31. Kb1 Rf8 32. Be6+ Kb7 33. Bf5 Nc4 34. Qc1 Rxf5 35. exf5 Qxf5+ 36. Ka1 Na5 37. Qe3 Nb3+ 38. Ka2 Qa5 39. Rxh5 Qxa4+ 40. Kb1 Qa1+ 41. Kc2 Nc5 42. Kd2 Qxb2+ 43. Ke1 a5 44. Qd2 Qb1+ 45. Kf2 a4 46. Nd5 a3 47. Nb4 Qg6 48. Rh4 Qf7 49. Nxc6 Kxc6 50. c4 Kb7 51. Kg3 Qe6 52. Rg4 Nd7 53. Qg2 Ka7 54. Rg7 b5 55. cxb5 a2 56. b6+ Kxb6 57. Qb2+ Kc6 58. Rg5 Nc5 59. Kg2 Qc4 60. Rg4 Qb3 61. Qh8 Qc2+ 62. Kg3 Qb3 63. Qa8+ Nb7 64. Qa4+ Qxa4 65. Rxa4 Kd5 66. Rxa2 c5 67. Re2 c4 68. f4 Nc5 69. f5 Nd7 1-0

[Event "EU-ch U16 Girls"]
[Site "Tallinn"]
[Date "1997.??.??"]
[Round "5"]
[White "Koroljova, Valerija"]
[Black "Bayramova, Zuleykha"]
[Result "1-0"]
[WhiteElo "2165"]
[BlackElo "2215"]
[PlyCount "69"]
[EventDate "1997.??.??"]
[EventType "swiss"]
[EventRounds "9"]
[EventCountry "EST"]
[SourceTitle "EXT 1998"]
[Source "ChessBase"]
[SourceDate "1997.11.17"]
[SourceVersion "1"]
[SourceVersionDate "1997.11.17"]
[SourceQuality "1"]

1. e4 c5 2. Nf3 Nc6 3. d4 cxd4 4. Nxd4 g6 5. c4 Nf6 6. Nc3 Nxd4 7. Qxd4 d6 8. Be2 Bg7 9. Be3 Bd7 10. f3 0-0 11. Qd2 a6 12. 0-0 Qa5 13. Rab1 Rfd8 14. b4 Qc7 15. Rfc1 Rac8 16. a4 b6 17. g4 Be6 18. Nd5 Bxd5 19. cxd5 Qb7 20. a5 b5 21. g5 Nd7 22. f4 Rxc1+ 23. Rxc1 Rc8 24. Bg4 Kf8 25. Rc2 Ke8 26. Qc1 Rxc2 27. Qxc2 e6 28. dxe6 fxe6 29. Bxe6 Ke7 30. Bd5 Qb8 31. Qc6 Qh8 32. e5 Qb8 33. Qxa6 dxe5 34. Qe6+ Kf8 35. Bc6 1-0

[Event "RUS-ch (Women) sf1"]
[Site "Kolontaevo"]
[Date "1997.??.??"]
[Round "?"]
[White "Koroljova, Valerija"]
[Black "Dorofeeva, Anna"]
[Result "0-1"]
[WhiteElo "2165"]
[BlackElo "2285"]
[PlyCount "88"]
[EventDate "1997.??.??"]
[EventType "tourn"]
[EventRounds "11"]
[EventCountry "RUS"]
[SourceTitle "EXT 1999"]
[Source "ChessBase"]
[SourceDate "1998.11.16"]
[SourceVersion "1"]
[SourceVersionDate "1998.11.16"]
[SourceQuality "1"]

1. e4 c5 2. Nf3 e6 3. d4 cxd4 4. Nxd4 Nf6 5. Nc3 d6 6. g4 Be7 7. g5 Nfd7 8. Rg1 a6 9. Be3 Nc6 10. Bh3 Nde5 11. Qe2 Nxd4 12. Bxd4 Bxg5 13. Rd1 Qf6 14. Kf1 Qh6 15. Bg2 0-0 16. Bb6 Qxh2 17. Rh1 Qf4 18. Be3 Qf6 19. Bxg5 Qxg5 20. Rxd6 b5 21. b3 Bb7 22. Rh5 Qf4 23. Qd2 Qxd2 24. Rxd2 Ng6 25. Ne2 Rfd8 26. Ke1 e5 27. Rh1 Ne7 28. Ng3 g6 29. Bf1 f5 30. f3 Kg7 31. c4 fxe4 32. fxe4 bxc4 33. Bxc4 Ng8 34. Rf2 Nf6 35. Rhf1 Rd6 36. Bd5 Bxd5 37. exd5 Ra7 38. Ke2 Nxd5 39. Ne4 Rc6 40. Kf3 Rf7+ 41. Kg3 Nf4 42. Ng5 Rf5 43. Nf3 g5 44. Re1 Nd3 0-1

[Event "EU-ch U16 Girls"]
[Site "Tallinn"]
[Date "1997.??.??"]
[Round "9"]
[White "Koroljova, Valerija"]
[Black "Zimina, Olga"]
[Result "0-1"]
[WhiteElo "2165"]
[BlackElo "2140"]
[PlyCount "96"]
[EventDate "1997.??.??"]
[EventType "swiss"]
[EventRounds "9"]
[EventCountry "EST"]
[SourceTitle "EXT 1998"]
[Source "ChessBase"]
[SourceDate "1997.11.17"]
[SourceVersion "1"]
[SourceVersionDate "1997.11.17"]
[SourceQuality "1"]

1. e4 c5 2. Nf3 e6 3. d4 cxd4 4. Nxd4 Nf6 5. Nc3 Nc6 6. Nxc6 bxc6 7. e5 Nd5 8. Ne4 Qc7 9. f4 Qb6 10. c4 Ne3 11. Qd3 Bb4+ 12. Ke2 Nxc4 13. Kf3 Ba6 14. Qc2 d5 15. exd6 Nxd6 16. Be3 Qb7 17. Nc5 Bxc5 18. Qxc5 Nf5 19. Rc1 Bxf1 20. Rhxf1 Ne7 21. Bd4 0-0 22. Kf2 Rfd8 23. Kg1 Rd5 24. Qc3 Nf5 25. Bf2 Rad8 26. Qxc6 Qxb2 27. Rc2 Qb8 28. g3 Nd4 29. Bxd4 Rxd4 30. Rfc1 h6 31. Qf3 Rd3 32. Qe2 Qb6+ 33. Kg2 Qa5 34. Kg1 Qd5 35. Rf1 h5 36. Rb2 Qd4+ 37. Kg2 Re3 38. Qf2 h4 39. Rc2 Qe4+ 40. Kg1 hxg3 41. hxg3 Rxg3+ 42. Qxg3 Qxc2 43. Rf2 Qc1+ 44. Kg2 Rd1 45. Qb3 Rg1+ 46. Kf3 Qc6+ 47. Ke2 Qe4+ 48. Kd2 Qe1+ 0-1

[Event "EU-ch U16 Girls"]
[Site "Rimavska Sobota"]
[Date "1996.??.??"]
[Round "9"]
[White "Ionica, Iulia Ionela"]
[Black "Koroljova, Valerija"]
[Result "0-1"]
[WhiteElo "2140"]
[BlackElo "2165"]
[PlyCount "70"]
[EventDate "1996.??.??"]
[EventType "swiss"]
[EventRounds "9"]
[EventCountry "SVK"]
[SourceTitle "EXT 1997"]
[Source "ChessBase"]
[SourceDate "1996.11.15"]
[SourceVersion "1"]
[SourceVersionDate "1996.11.15"]
[SourceQuality "1"]

1. e4 e5 2. Nf3 Nc6 3. d4 exd4 4. Bc4 Nf6 5. e5 d5 6. Bb5 Ne4 7. Nxd4 Bd7 8. Bxc6 bxc6 9. 0-0 Bc5 10. Be3 Bb6 11. Nd2 Nxd2 12. Qxd2 0-0 13. f4 c5 14. Nf3 Bb5 15. Rfe1 Qd7 16. Bf2 Bc6 17. Ng5 h6 18. e6 fxe6 19. Nxe6 Rf6 20. Nxc5 Qd6 21. Nd3 d4 22. Bg3 Bb7 23. Kh1 Raf8 24. Ne5 c5 25. Nc4 Qd5 26. Nxb6 axb6 27. b3 h5 28. Rg1 Qf5 29. Rae1 Rg6 30. Qf2 Qg4 31. Re7 Bc6 32. Qe2 h4 33. f5 Rxf5 34. Bxh4 Qxh4 35. Rc7 Rh5 0-1